000 00331nam a2200133 4500
008 190205b xxu||||| |||| 00| 0 eng d
020 _a9780821415900
041 _aeng
080 _a821
100 _a21
101 _aGJL
245 _aAn American Vein critical readings in appalachian literature
_cMiller,D.L
942 _2ddc
_cBK
999 _c54064
_d54064